| 000 | 00689nam a22002057a 4500 | ||
|---|---|---|---|
| 005 | 20150124131543.0 | ||
| 008 | 140828t sp||||| |||| 00| 0 esp d | ||
| 020 | _a8487943683 | ||
| 050 | 0 | 4 |
_aBJ 1025 _bA64 1998 |
| 100 | 1 | _aAmengual, Gabriel | |
| 245 | 1 | 0 |
_aModernidad y Crisis del Sujeto : _bHacia la Construcción del Sujeto Solidario / _cGabriel Amengual, |
| 250 | _aPrimera Edición: 1998 | ||
| 260 |
_aMadrid, España : _bCaparrós Editores, _c1998. |
||
| 300 |
_a226 paginas, _c21 X 15 centímetros, |
||
| 490 |
_aEsprit _vNúmero: 32 |
||
| 650 | 7 |
_2Lemb _aFilosofía _xPsicología |
|
| 650 | 7 |
_2Lemb _aFilosofía _xÉtica |
|
| 700 | 1 | _aAmengual, Gabriel | |
| 942 |
_2ddc _cLIB |
||
| 999 |
_c77628 _d77628 |
||